Dictionnaire abrégé de la fable / (Record no. 48284)

MARC details
000 -LEADER
campo de control de longitud fija 00447nam a22001695i 4500
001 - NÚMERO DE CONTROL
campo de control 48284
003 - IDENTIFICADOR DE NÚMERO DE CONTROL
campo de control ES-MaACL
005 - FECHA Y HORA DE LA ÚLTIMA TRANSACCIÓN
campo de control 20230906161726.0
007 - CAMPO FIJO DE DESCRIPCIÓN FÍSICA--INFORMACIÓN GENERAL
campo de control de longitud fija t|
008 - DATOS DE LONGITUD FIJA--INFORMACIÓN GENERAL
campo de control de longitud fija 950711s1805 fr ||||1| fre d
040 ## - FUENTE DE CATALOGACIÓN
Centro catalogador/agencia de origen CAM
Lengua de catalogación spa
Centro/agencia transcriptor CAM
100 1# - ENTRADA PRINCIPAL--NOMBRE DE PERSONA
Nombre de persona Chompré, Pierre.
9 (RLIN) 38606
245 10 - MENCIÓN DEL TÍTULO
Título Dictionnaire abrégé de la fable /
Mención de responsabilidad, etc. par Chompré.
260 ## - PUBLICACIÓN, DISTRIBUCIÓN, ETC.
Lugar de publicación, distribución, etc. Avignon :
Nombre del editor, distribuidor, etc. E. Chambeau,
Fecha de publicación, distribución, etc. 1805.
300 ## - DESCRIPCIÓN FÍSICA
Extensión 448 p. ;
Dimensiones 14 cm.
852 ## - LOCALIZACIÓN
Ubicación ES-MaACL
Número de control de estantería D-519
Holdings
Estatus retirado Estado de pérdida Estado de daño No para préstamo Colección Biblioteca de origen Biblioteca actual Ubicación en estantería Fecha de adquisición Fuente de adquisición Total de préstamos Signatura topográfica completa Código de barras Visto por última vez Precio de reemplazo Tipo de ítem Koha
        Libros del s. XIX Biblioteca del Ateneo de Madrid Biblioteca del Ateneo de Madrid Sala Valle Inclán 17/01/2008     D-519 901050816 23/02/2023 23/02/2023 Libro impreso antiguo